00621nam a2200205Ia 450000500170000000800410001704000190005804100120007708200160008910000190010524500700012426000300019430000140022450400220023865000190026085000100027994200070028999900170029695201020031320240801113817.0131103s9999 xx 000 0 und d aLoreto College aEnglish a821.07bCAL aCallan, Norman aPoetry in practiceb some suggestion for teachers cNorman Callan aLondonbErnest Bennc1958 aix,189p.  aIncludes appendix aEnglish poetry aLCBED cBK c29705d80184 00102ddc4070aMAINbMAINd2013-11-04l0o821.07 CAL 5196pB32557r2013-11-04w2013-11-04yBKf